Main Villain In Every MCU Movie - Statistics

General Stats
  • This quiz has been taken 34 times
  • The average score is 24 of 37
Answer Stats
Movie Villain % Correct
Avengers: Infinity War Thanos
100%
Avengers: Endgame Thanos
100%
Thor Loki
97%
The Avengers Loki
97%
Avengers: Age of U__n Ultron
93%
Captain America: The First Avenger Red Skull
83%
Guardians of the Galaxy Ronan
83%
The Incredible Hulk Abomination
76%
Guardians of the Galaxy Vol. 2 Ego
76%
Spider-Man: Homecoming Vulture
76%
Ant-Man and the Wasp Ghost
72%
Thor: Ragnarok Hela
72%
Spider-Man: Far From Home Mysterio
72%
Doctor Strange in the Multiverse of Madness Scarlet Witch
72%
Iron Man 2 Whiplash
72%
The Fantastic Four: First Steps Galactus
69%
Ant-Man and the Wasp: Quantumania Kang
69%
Black Panther Killmonger
69%
Ant-Man YellowJacket
69%
Iron Man Iron Monger
66%
Thor: The Dark World Malekith
66%
Thor: Love and Thunder Gorr
62%
Spider-Man: No Way Home Green Goblin
62%
Doctor Strange Kaecilius
59%
Black Panther: Wakanda Forever Namor
59%
Iron Man 3 Aldrich Killian
55%
Captain America: The Winter Soldier Alexander Pierce
48%
Thunderbolts* Void
48%
Captain Marvel Yon-Rogg
48%
Guardians of the Galaxy Vol. 3 High Evolutionary
45%
Captain America: Brave New World The Leader
45%
Black Widow Dreykov
41%
Captain America: Civil War Helmut Zemo
41%
Deadpool & Wolverine Cassandra Nova
34%
Shang-Chi and the Legend of the Ten Rings Wenwu
34%
Eternals Arishem
31%
The Marvels Dar-Benn
31%
No matching quizzes found
Score Distribution
Percent of People with Each Score
Percentile by Number Answered
Your Score History
You have not taken this quiz